Las 250 mejores peliculas de Hollywood - Estadísticas

Estadísticas generales
  • Esta prueba ha sido intentada 2.056 veces
    410 desde el último reinicio
  • La puntuación promedio es 53 de 300
Estadísticas de respuestas
Hint Respuesta % Correcto
289 10 Cosas que odio de ti
78%
18 El padrino
76%
12 Titanic
71%
146 Avatar
62%
93 El señor de los anillos La comunidad del anillo
55%
22 Forrest Gump
50%
34 El señor de los anillos: El retorno del rey
49%
158 La la land
47%
169 La vida es bella
43%
261 Spiderman: Sin camino a casa
43%
79 El rey leon
41%
156 Interestelar
41%
17 Casablanca
39%
63 El lobo de Wall Street
39%
7 Lo que el viento se llevo
39%
257 Oppenheimer
38%
55 Seven
38%
16 Psicosis
37%
118 El resplandor
36%
42 Taxi Driver
36%
153 El bueno, el malo y el feo
35%
11 El mago de Oz
35%
117 La naranja mecanica
35%
102 Rocky
35%
115 Tiburon
35%
211 El Pianista
34%
135 Parasitos
33%
192 Piratas del caribe
33%
204 Toy Story
33%
8 Ben Hur
32%
4 Desayuno con diamantes
31%
73 El señor de los anillos Las dos torres
31%
41 Joker
31%
145 Jurassic Park
31%
36 Gladiador
30%
123 Up
30%
19 Cantando bajo la lluvia
29%
10 El club de la pelea
28%
6 El exorcista
28%
131 El show de Truman
28%
120 Matrix
28%
31 Rain Man
28%
150 Aladdin
27%
148 Chicago
27%
23 El apartamento
27%
40 El Padrino Parte II
27%
141 Alicia en el pais de las maravillas
26%
266 Barbie
26%
33 Batman: El caballero de la noche
26%
138 Como entrenar a tu dragon
26%
178 El golpe
26%
15 El gran dictador
26%
98 El renacido
26%
2 El silencio de los inocentes
26%
119 Fargo
26%
71 La bella y la bestia
26%
209 Terminator
26%
216 Amores Perros
25%
37 Belleza Americana
25%
215 Ciudad de Dios
25%
32 El cisne negro
25%
219 El Padre
25%
72 Habia una vez en Hollywood
25%
24 La gata sobre el tejado de zinc
25%
88 Lawrence de Arabia
25%
198 Roma
25%
213 Tiempos Modernos
25%
143 Top Gun
25%
62 Toro Salvaje
25%
83 Vertigo
25%
100 12 años de esclavitud
24%
232 Africa Mia
24%
186 Blancanieves y los siete enanitos
24%
89 Con faldas y a lo loco
24%
133 El crepusculo de los Dioses
24%
144 El diablo viste a la moda
24%
5 El graduado
24%
129 El laberinto del fauno
24%
14 El tesoro de Sierra Madre
24%
168 En el estanque dorado
24%
233 E.T. el extraterrestre
24%
25 Eva al desnudo
24%
76 Gigante
24%
207 Kramer vs Kramer
24%
66 La novicia rebelde
24%
182 La ventana indiscreta
24%
56 Mary Poppins
24%
86 Odisea en el espacio 2001
24%
297 Pinocho
24%
239 Pocahontas
24%
35 Secreto en la montaña
24%
157 Todo sobre mi madre
24%
1 Atrapado sin salida
23%
132 Carol
23%
250 Danza con lobos
23%
9 Hamlet
23%
179 Infierno en la torre
23%
184 Mejor...Imposible
23%
59 Naufrago
23%
3 Rebelde sin causa
23%
61 Annie Hall
22%
64 Beautiful boy
22%
155 De aqui a la eternidad
22%
274 El Camino hacia el Dorado
22%
69 El circo
22%
60 El loco del pelo rojo
22%
57 El puente sobre el rio Kwai
22%
247 En el nombre de la Rosa
22%
170 Ghost: La sombra del amor
22%
130 Gravedad
22%
212 Intocable
22%
29 Los diez mandamientos
22%
283 Mamma mia
22%
149 Moulin Rouge
22%
137 Pandillas de Nueva York
22%
177 Patton
22%
160 Aeropuerto
21%
81 Amadeus
21%
180 Cabaret
21%
222 El Francotirador
21%
90 Green Book
21%
197 La reina
21%
75 Los juegos del destino
21%
48 Mujer Bonita
21%
96 Nace una estrella
21%
226 Precious
21%
166 Spotlight
21%
210 Terremoto
21%
134 The french connection
21%
26 Vaselina
21%
97 Boyhood
20%
175 Carros de Fuego
20%
20 Cimarron
20%
140 El extraño caso de Benjamin Button
20%
70 El leon en invierno
20%
80 El origen
20%
126 Golpes del destino
20%
214 Historia Americana X
20%
236 La vuelta al mundo en ochenta dias
20%
224 Lincoln
20%
139 Los dos papas
20%
238 Los Miserables
20%
46 Peloton
20%
185 Peter Pan
20%
104 Que bello es vivir
20%
47 Rescatando al soldado Ryan
20%
13 Sucedio una noche
20%
49 Agosto: Condado de Osange
19%
127 El mayordomo
19%
107 Matar un ruiseñor
19%
154 Solo ante el peligro
19%
273 Space Jam
19%
142 Cadena Perpetua
18%
227 El Aviador
18%
167 En el calor de la noche
18%
44 Fiebre de sabado por la noche
18%
106 La ley del silencio
18%
122 Mad Max Furia en el camino
18%
190 Philomena
18%
91 Shrek
18%
176 Siguiendo mi camino
18%
291 Todos los hombres del presidente
18%
237 La Favorita
17%
58 Thelma y Louise
17%
194 Avengers: Endgame
16%
279 Buscando a Nemo
16%
174 Carrie
16%
114 El club de los cinco
16%
240 El diario de Bridget Jones
16%
147 El gran pez
16%
187 Jojo Rabbit
16%
28 Las uvas de la ira
16%
202 Nomadland
16%
39 Cowboy midnight
15%
52 Espartaco
15%
65 Lady Bird
15%
246 ¿Quien engaño a Roger Rabbit?
15%
263 Dune
14%
54 Mi bella dama
14%
254 Un americano en Paris
14%
74 Bastardos sin gloria
13%
45 Buenos Muchachos
13%
84 El ciudadano Kane
13%
199 Marty
13%
27 ¿Que fue de Baby Jane?
13%
282 Birdman
12%
251 Centauros del Desierto
12%
253 Cleopatra
12%
245 Cuando Harry conocio a Sally
12%
221 Dunkerke
12%
249 Las horas
12%
82 El beso de la mujer araña
11%
193 127 Horas
10%
256 Anora
10%
262 Atrapame si puedes
10%
173 Bohemian Rhapsody
10%
200 El sexto sentido
10%
293 La Sirenita
10%
109 Volver al futuro
10%
189 Whiplash
10%
300 Cinema Paradiso
9%
294 El Diario de la Princesa
9%
260 Harry Potter y la piedra filosofal
9%
281 Todo a la vez en todas partes
9%
121 Alien el octavo pasajero
8%
116 Blade Runner
8%
164 Requiem por un sueño
8%
259 Star Wars: El imperio contra ataca
8%
53 Star Wars: Una nueva esperanza
8%
85 Tiempos Violentos
8%
218 Cazafantasmas
7%
183 La sociedad de los poetas muertos
7%
162 Los mejores años de nuestra vida
7%
267 Scream
7%
94 Al este del eden
6%
128 Amelie
6%
30 Atraccion Fatal
6%
268 El Brutalista
6%
51 El gran showman
6%
265 El padre de la novia
6%
285 Elvis
6%
165 Eterno resplandor de una mente sin recuerdos
6%
225 Historias Cruzadas
6%
244 Mi pobre Angelito
6%
269 Robot Salvaje
6%
95 Sin lugar para los debiles
6%
208 Sound of a metal
6%
105 Un tren llamado deseo
6%
275 Wicked
6%
248 Billy Elliot
5%
113 Chinatown
5%
255 Conclave
5%
201 Doce hombres en pugna
5%
78 Doctor Zhivago
5%
87 Dr Strangelove
5%
171 El origen de los guardianes
5%
99 Escandalo Americano
5%
136 Historia de un matrimonio
5%
288 La Sustancia
5%
67 Llamame por tu nombre
5%
110 Los cazadores del arca perdida
5%
50 Los descendientes
5%
152 Perdida
5%
103 Una habitacion con vistas
5%
161 007: SKYFALL
4%
205 Adivina quien viene a cenar
4%
163 Alguien tiene que ceder
4%
272 American Pie
4%
43 Amor sin barreras
4%
223 Amour
4%
112 Apocalipsis ahora
4%
278 Armaggedon
4%
241 Casi Famosos
4%
92 Easy ryder
4%
217 El dia de la marmota
4%
243 El gigante de acero
4%
195 El guardaespaldas
4%
252 El manto Sagrado
4%
280 El Viaje de Chihiro
4%
172 Intensamente
4%
230 Interiores
4%
295 King Kong
4%
286 La buena tierra
4%
277 Los Fabelmans
4%
231 Los Imperdonables
4%
108 Love Simon
4%
124 Mente Indomable
4%
220 Minari
4%
159 Poseidon
4%
206 ¿Quien teme a Virginia Woolf?
4%
196 Rocketman
4%
68 Sin novedad en el frente
4%
203 Soul
4%
151 Spiderman: to the spider verse
4%
188 Talentos Ocultos
4%
77 Bonnie & Clyde
3%
292 La Fiesta Inolvidable
3%
191 La invencion de Hugo
3%
21 La lista de Schindleer
3%
298 Magic Mike
3%
264 Mas barato por docena
3%
228 Perdidos en Tokio
3%
38 The kids are all right
3%
181 Tootsie
3%
111 True Grit
3%
290 Un Dolor Real
3%
125 Antes de partir
2%
229 Boogie Nights
2%
271 Challengers
2%
235 Closer
2%
284 Cuatro bodas y un funeral
2%
242 La era del hielo
2%
234 Match Point
2%
299 Nacido el 4 de Julio
2%
296 Saltburn
2%
258 Se lo que hicieron el verano pasado
2%
270 Huye
1%
276 Juno: Crecer, correr y tropezar
1%
287 La cancion de Bernadette
1%
101 Network
1%
No se encontraron pruebas coincidentes
Distribución de puntuación
Porcentaje de gente con cada puntuación
Porcentaje por número respondido
Historial de tus puntuaciones
No has intentado esta prueba desde el último reinicio